| 000 | 01118aab a2200217 i 4500 | ||
|---|---|---|---|
| 001 | 768714001 | ||
| 003 | CO-MdFUSB | ||
| 005 | 20250721100603.0 | ||
| 008 | 170512s1996 cr ||||| |||| 00| 0 spa d | ||
| 040 |
_bspa _cCO-MdFUSB |
||
| 041 | _aspa | ||
| 100 |
_aHermano Pablo _eautor |
||
| 245 |
_aConsejos de renombrados líderes evangélicos latinoamericanos _c/ Hermano Pablo |
||
| 300 |
_aVolumen 16, número 1 (agosto, 1996), páginas: 12 - 23 _c; 27 cm |
||
| 520 | _aEntrevista a varios líderes evangélicos y, algunos expresaron lo siguiente: "Donde no hay una vida limpia, una reputación buena, no hay autoridad. Nadie atiende los consejos de quienes hablan una cosa y viven otra" "No descuidar la familia sino esforzarte para ser el mejor esposo y padre posible." "No permita que el enemigo le haga caer en el túnel de la fantasía espiritual donde los miembros prefieren emoción a consagración." | ||
| 650 | 0 |
_aVida cristiana _919 |
|
| 653 | _aEntrevistas | ||
| 773 | 0 |
_tApuntes Pastorales _049442 _960167 _gVolumen 16. Número 1 (1996), páginas 12-23 _qPágina 12 |
|
| 942 | _cANA | ||
| 945 | _aJTF-925 | ||
| 999 |
_c56210 _d56210 |
||